000 00461cam a22001457a 4500
008 180718b1970 xxu||||| |||| 00| 0 eng d
082 _aA99 T756/D489p/2
100 _aDeutscher, Isaac
245 _aProphet outcast: trotsky: 1929- 1940
_cby Isaac Deutscher
260 _aLondon
_bOxford
_c1970
300 _axiii, 543p
650 _aStatesmen -Soviet Union -Biography
650 _aRevolutionaries -Soviet Union -Biography
650 _aTrotsky, Leon, 1879-1940
999 _c416075
_d416075